[Event "DSB-Kader-Challenge 2021"]
[Site "Magdeburg"]
[Date "2021.04.09"]
[Round "7.5"]
[White "Bluebaum, Matthias"]
[Black "Heimann, Andreas"]
[Result "1-0"]
[WhiteElo "2670"]
[BlackElo "2606"]
[Annotator "TA"]
[PlyCount "115"]
[EventDate "2021.04.05"]
[EventType "tourn"]
[EventCountry "GER"]
[SourceTitle "playchess.com"]
[Source "ChessBase"]
[SourceQuality "1"]

{[%evp 9,115,8,12,5,37,33,33,45,44,35,38,34,38,35,31,19,43,38,54,17,23,12,43,35,64,55,61,60,65,60,73,45,46,49,64,35,62,44,66,35,51,22,43,37,46,46,47,42,49,62,62,27,105,98,95,99,126,75,147,133,126,131,178,191,190,131,125,112,132,127,133,109,130,118,131,133,123,110,184,181,292,177,211,206,202,199,164,48,48,34,231,235,308,294,258,264,343,361,314,184,443,425,635,627,657,627,681,670]} 1. d4 d5 2. Nf3 Nf6 3. c3 c6 4. Bf4 Bf5 5. Nh4 Be4 6. Nd2 {D02: 1 d4 d5 2 Nf3 sidelines, including 2...Nf6 3 g3 and 2...Nf6 3 Bf4.} e6 7. Qb3 Qb6 8. f3 {White is slightly better.} Bg6 9. e3 Be7 10. g4 {[#]} c5 $146 ({Predecessor:} 10... Nfd7 11. Nxg6 hxg6 12. c4 a5 13. a3 Qxb3 14. Nxb3 dxc4 15. Bxc4 Nb6 16. Rc1 N8d7 {½-½ (42) Rapport,R (2686)-Sargissian,G (2657) Heraklion 2017}) 11. Nxg6 hxg6 12. h4 Nc6 13. Be2 Nd7 14. g5 Rc8 15. Qxb6 axb6 16. Kf2 Bd8 17. Rh3 Bc7 18. Bxc7 Rxc7 19. Rah1 Rc8 20. Nf1 {[%cal Bd2f1,Bf1g3,Bg3e2,Be2f4][%mdl 32]} Ra8 21. a3 Ke7 22. Ng3 Kd6 23. Bd3 Raf8 24. Rd1 Ne7 25. Ne2 Nb8 26. Nf4 Nbc6 27. Rdh1 Rc8 28. h5 {[%cal Rh5g6]} gxh5 29. Nxh5 Rcg8 30. Rh4 g6 (30... e5 $11) 31. Nf6 $16 Rxh4 32. Rxh4 Rf8 33. Rh7 (33. Bb5 $142) 33... e5 ({Black should try} 33... cxd4 34. exd4 (34. cxd4 e5 $16) 34... e5) 34. dxe5+ Nxe5 35. Bb5 N7c6 36. f4 Nd7 {...Nxf6 would now be nice for Black.} 37. Nxd7 (37. Ng4 $1 $18) 37... Kxd7 $18 {[%mdl 4096] Endgame KRB-KRN} 38. e4 dxe4 39. Ke3 Kd6 40. Kxe4 Re8+ 41. Kf3 Re7 42. Bc4 Nd8 43. Rh8 Ne6 (43... Kd7 $16 44. Bb5+ Nc6) 44. Kg4 $1 Kd7 (44... b5 $142) 45. f5 gxf5+ 46. Kxf5 {And now Kf6 would win.} Ng7+ 47. Kf4 Ne6+ 48. Kg4 (48. Bxe6+ $18 Rxe6 49. Rf8) 48... Nc7 $1 $14 {White must now prevent ...Re4+.} 49. Bd3 (49. Bf1 {feels hotter.} Nd5 50. Bb5+ Kd6 51. Rd8+ Ke5 52. a4) 49... Nd5 $2 {[#] A mistake that costs the game.} ({Black should play} 49... c4 $14 50. Bf5+ Kc6) 50. c4 $1 $18 Ne3+ {[#]} 51. Kf3 $1 b5 52. cxb5 Nd1 {...Re3+ is the strong threat.} 53. Bf5+ Kc7 54. Rh2 (54. Rh7 $142 {Hoping for g6.} Kd8 55. b3) 54... Kb6 $2 (54... Ne3) 55. Be4 {White is clearly winning.} Rd7 (55... c4 $142 56. Rd2 Nxb2 57. Rxb2 Re5) 56. Rh7 Rd2 57. Kg3 Rd4 58. Bf3 {Weighted Error Value: White=0.15/Black=0.34} 1-0

[Event "DSB-Kader-Challenge 2021"]
[Site "Magdeburg"]
[Date "2021.04.10"]
[Round "8.1"]
[White "Fridman, Daniel"]
[Black "Heimann, Andreas"]
[Result "1-0"]
[WhiteElo "2601"]
[BlackElo "2606"]
[Annotator "TA"]
[PlyCount "39"]
[EventDate "2021.04.05"]
[EventType "tourn"]
[EventCountry "GER"]
[SourceTitle "playchess.com"]
[Source "ChessBase"]
[SourceQuality "1"]

{[%evp 9,39,0,18,-10,-6,0,-9,-11,-16,-13,0,-5,13,22,97,106,96,90,114,109,103,114,129,126,195,207,216,214,215,217,234,227]} 1. d4 d5 2. Bf4 c5 3. e3 Nc6 4. Nf3 Nf6 5. Nbd2 Nh5 6. Be5 {D02: 1 d4 d5 2 Nf3 sidelines, including 2...Nf6 3 g3 and 2...Nf6 3 Bf4.} e6 7. c3 f6 8. Bg3 {The position is equal.} cxd4 9. cxd4 Nxg3 10. hxg3 {[#]} g6 $146 ({Predecessor:} 10... Bd6 11. Bd3 f5 12. a3 Bd7 13. Nh4 O-O 14. g4 g6 15. gxf5 exf5 16. Qf3 Be6 {½-½ (31) Karthik,S (1789)-Samdani,S (1712) New Delhi 2018}) 11. Bd3 {Hoping for Bxg6+!} Bg7 {[#]} (11... Kf7 $11 {remains equal.}) 12. Rxh7 $1 $16 Kf7 {[#]} 13. Qc2 $1 $36 {[%mdl 2048] White is really pushing.} f5 (13... g5 14. Bg6+) 14. Rxh8 Bxh8 15. Nb3 Bd7 16. Nc5 Nb4 (16... Be8 $16) 17. Qd2 $18 {White is clearly better.} b6 18. Qxb4 bxc5 19. Qxc5 Bf6 20. Ne5+ {Black did not feel at home in the position after the opening.  Weighted Error Value: White=0.03/Black=0.21} 1-0

[Event "DSB-Kader-Challenge 2021"]
[Site "Magdeburg"]
[Date "2021.04.10"]
[Round "8.2"]
[White "Svane, Rasmus"]
[Black "Bluebaum, Matthias"]
[Result "1/2-1/2"]
[WhiteElo "2613"]
[BlackElo "2670"]
[Annotator "TA"]
[PlyCount "180"]
[EventDate "2021.04.05"]
[EventType "tourn"]
[EventCountry "GER"]
[SourceTitle "playchess.com"]
[Source "ChessBase"]
[SourceQuality "1"]

{[%evp 10,180,11,0,0,8,32,25,31,21,12,12,14,4,18,-6,41,35,48,29,44,36,59,16,21,16,20,30,115,93,103,115,92,100,158,145,164,123,110,112,109,112,135,114,115,114,114,112,114,100,114,114,110,100,104,103,111,111,111,92,110,89,110,81,110,106,117,118,124,124,124,124,124,124,124,124,124,124,124,124,124,124,124,124,124,124,124,124,124,124,124,124,125,125,126,124,124,124,124,124,124,124,124,124,124,124,124,124,124,124,124,124,124,124,124,124,124,124,124,124,124,124,124,124,124,124,124,124,124,124,124,124,124,124,124,124,124,124,124,124,124,8,124,0,0,0,124,124,124,0,0,0,0,0,0,0,0,0,0,0,0,0,0,0,0,0,0,0,0,0,0,0,0]} 1. e4 c6 2. Nc3 d5 3. Nf3 Bg4 4. h3 Bxf3 5. Qxf3 e6 6. g3 Bc5 {B11: Caro-Kann: Two Knights Variation.} 7. Bg2 Ne7 8. O-O O-O {White has an edge.} 9. Ne2 e5 10. Qb3 {[#]} Na6 $146 ({Predecessor:} 10... Bb6 11. Nc3 dxe4 12. Nxe4 Nf5 13. d3 Nd4 14. Qc4 h6 15. Be3 Na6 16. Bxd4 Qxd4 17. Qxd4 Bxd4 {½-½ (29) Kozionov,K (2333)-Kharitonov,A (2538) Voronezh 2013}) 11. exd5 ({Of course not} 11. Qxb7 Nb4 $17) 11... Nxd5 12. Nc3 {[%cal Rc3d5]} Nxc3 13. bxc3 Rb8 14. Qc4 Qa5 15. a4 Rfd8 16. Ra2 Nc7 {[%cal Ba6c7,Bc7d5,Bd5c3,Bc3e2][%mdl 32]} 17. d3 Nd5 18. Bd2 Bd4 19. cxd4 $16 {[%mdl 64] Discovered Attack} Qxd2 20. dxe5 Nc3 21. Rb2 b5 (21... Ne2+ $142 22. Kh1 h6) 22. Qxc6 b4 23. a5 Ne2+ 24. Kh2 Nd4 25. Qa6 Rd7 26. Qc4 b3 {[#]} 27. Bd5 $1 Rbd8 28. Qxd4 Rxd5 29. Qc4 Rxd3 30. e6 fxe6 31. Qxe6+ Kh8 32. Rxb3 Rxb3 33. cxb3 Qxa5 {[%mdl 4096] Endgame KQR-KQR} 34. Qe7 (34. Rd1 {is more complex.} Rf8 35. Rd5 Qb4 36. Qe3 h6 37. Rd7) 34... h6 35. Kg1 Rb8 36. Rc1 Qd5 37. Rc7 {[%csl Gc7][%cal Re7g7]} Qd1+ 38. Kh2 {[%csl Gc7][%cal Re7g7]} Qd4 39. Qf7 Qf6 40. Qxf6 gxf6 41. Rxa7 Rxb3 {KR-KR} 42. Rf7 Rb6 43. Kg2 Kg8 44. Rd7 Rb3 45. Rc7 Ra3 46. Rb7 Rc3 47. Ra7 Rb3 48. Rd7 Ra3 49. Rc7 Rb3 50. h4 Ra3 51. Rd7 Rb3 52. f3 Ra3 53. Rb7 Rc3 54. Ra7 Rb3 55. Rc7 Ra3 56. Rc5 Kg7 57. g4 Ra7 58. Kg3 Rb7 59. Kf4 Kf7 60. Rh5 Rb4+ 61. Kg3 Kg7 62. Rd5 Rb7 63. Kf4 Kf7 64. Kf5 Ra7 65. Rc5 Rb7 66. Ra5 Rc7 67. f4 Rb7 68. Rc5 Ra7 69. Rd5 Rb7 70. h5 Ra7 71. Ke4 Ra4+ 72. Rd4 Ra7 73. Kd5 Ra5+ 74. Kc6 Ra6+ 75. Kb5 (75. Kc5 $16) 75... Ra1 {[#]} (75... Ra8 $1 $11) 76. f5 (76. Kc5 $1 $16) 76... Ke7 $1 $11 77. Re4+ Kf7 (77... Kd7 $1 $11) 78. Rc4 $16 Ke7 79. Rc7+ (79. Kc5 $16) 79... Kd6 $11 {The position is equal.} 80. Rg7 {Rg6 is the strong threat.} Ke5 81. Rg6 Kf4 82. Kc6 Rd1 83. Kc7 Rd2 84. Kc6 Rd1 85. Rxh6 Kxg4 86. Rxf6 {Hoping for h6.} Kxh5 87. Rd6 Rf1 88. f6 Kg6 89. Kd7 Rxf6 90. Rxf6+ Kxf6 {Blacks defense is rewarded with a draw.  Weighted Error Value: White=0.04/Black=0.09} 1/2-1/2

[Event "DSB-Kader-Challenge 2021"]
[Site "Magdeburg"]
[Date "2021.04.10"]
[Round "8.3"]
[White "Kollars, Dmitrij"]
[Black "Donchenko, Alexander"]
[Result "1/2-1/2"]
[WhiteElo "2598"]
[BlackElo "2659"]
[Annotator "TA"]
[PlyCount "81"]
[EventDate "2021.04.05"]
[EventType "tourn"]
[EventCountry "GER"]
[SourceTitle "playchess.com"]
[Source "ChessBase"]
[SourceQuality "1"]

{[%evp 9,81,12,22,16,19,0,2,2,11,13,0,0,12,11,22,25,21,8,21,-22,-18,-18,-9,-14,-15,-10,-10,-29,-17,-26,0,0,0,0,0,-5,7,-7,8,0,19,-6,27,24,24,24,32,32,32,32,32,32,32,0,32,14,20,0,0,0,0,0,32,2,32,32,32,0,0,0,32,0,0,0]} 1. e4 c5 2. Nf3 d6 3. Bb5+ Nd7 4. c4 Ngf6 5. Nc3 g6 6. d3 {B51: Sicilian: Moscow Variation (3 Bb5+) without 3...Bd7.} Bg7 7. h3 O-O 8. Ba4 {[#]} b6 $146 ({Predecessor:} 8... Nb6 9. Bc2 Ne8 10. Rb1 Bd7 11. O-O a5 12. Be3 Nc7 13. Re1 Bc6 14. h4 e5 {½-½ (26) Buchaillot,L (2180)-Oviedo Araujo,A (1946) ICCF email 2017}) 9. Be3 Bb7 10. Qd2 e6 11. O-O a6 12. Bh6 Qc7 13. Rae1 Ne5 14. Nxe5 dxe5 15. Bxg7 Kxg7 16. Ne2 {[%cal Bc3e2,Be2g1,Bg1f3][%mdl 32]} Nh5 (16... Kg8 {is more complex.} 17. Qc3 Rad8 18. Rb1 Nd7 19. a3 f5) 17. Qc3 Kg8 18. a3 a5 19. Kh2 Qd6 20. Ng1 Rad8 21. Re3 f6 22. Nf3 Ra8 23. Rb1 Ng7 24. Kg1 Rfd8 25. Ne1 Nh5 26. Bd1 Nf4 27. h4 a4 28. g3 Nh5 29. Bxh5 gxh5 30. Re2 Bc6 31. Re3 Ra7 32. Nf3 Rb7 33. b4 axb3 $1 34. Rxb3 Ba4 35. Rb1 Ra7 36. Ne1 Be8 37. Re2 Rda8 38. Rb3 Ba4 39. Rb1 Be8 40. Rb3 Ba4 41. Rb1 {Weighted Error Value: White=0.08/Black=0.07} 1/2-1/2

[Event "DSB-Kader-Challenge 2021"]
[Site "Magdeburg"]
[Date "2021.04.10"]
[Round "8.4"]
[White "Svane, Frederik"]
[Black "Wagner, Dennis"]
[Result "1-0"]
[WhiteElo "2421"]
[BlackElo "2581"]
[Annotator "TA"]
[PlyCount "109"]
[EventDate "2021.04.05"]
[EventType "tourn"]
[EventCountry "GER"]
[SourceTitle "playchess.com"]
[Source "ChessBase"]
[SourceQuality "1"]

{[%evp 15,108,-9,0,0,0,-14,0,0,5,0,2,-8,-3,-18,-10,-10,-6,-10,0,0,0,-7,0,0,0,0,34,27,26,0,0,-6,4,4,27,15,41,4,11,8,14,0,0,0,0,0,2,1,10,2,80,82,67,56,78,77,87,49,68,54,46,41,53,0,0,0,0,0,0,0,0,0,0,0,51,32,39,43,31,0,160,163,162,152,165,0,0,0,254,273,258,251,397,386,29999]} 1. c4 e6 2. g3 d5 3. Bg2 Nf6 4. Nf3 dxc4 5. Qa4+ Nbd7 6. Qxc4 a6 7. Qc2 c5 8. O-O b6 9. Rd1 {A13: English Opening: 1...e6.} Bb7 10. b3 Rc8 11. Bb2 {The position is equal.} Be7 12. d3 O-O 13. Nbd2 {[%cal Bb1d2,Bd2f1,Bf1e3,Be3g4][%mdl 32]} b5 14. Rac1 Qb6 15. Qb1 Rfd8 16. Qa1 h6 {[#]} 17. Nf1 $146 ({Predecessor:} 17. h3 Bf8 18. a3 Qa7 19. Ne1 Bxg2 20. Kxg2 Nd5 21. Nef3 Qb7 22. Rc2 N5b6 23. Rdc1 {½-½ (51) Oms Pallisse,J (2524)-Magem Badals,J (2470) Barcelona 2008}) 17... Bc6 18. e4 Bb7 19. Ne3 Nb8 20. Ne5 Nc6 21. Nxc6 Bxc6 22. Be5 Ne8 23. Ng4 h5 24. Ne3 Rd7 25. Qb2 Bf6 26. Bxf6 Nxf6 27. Qe5 Bb7 28. Bf3 Qd8 29. Be2 Rdc7 30. Bxh5 Qd4 31. Qg5 c4 $1 32. Be2 {[%cal Rb3c4]} c3 (32... Rc5 $11 {keeps the balance.} 33. Qf4 cxb3 34. Rxc5 Qxc5 35. axb3 Qb4) 33. Nc2 $16 Qd6 34. b4 e5 35. Qe3 Qe6 36. Ra1 Nd7 37. Qg5 Qd6 38. Bg4 Re8 39. Bxd7 (39. a4 $14) 39... Rxd7 $11 40. f3 Red8 41. Qe3 Qe6 42. g4 g6 43. Kf2 Kh7 44. Ke2 Rh8 (44... f6 $11) 45. h4 $14 f5 46. Qg5 {[%cal Rg4f5]} fxg4 47. fxg4 {Strongly threatening h5.} Rf8 $2 (47... Rhd8 $1 $11 48. h5 Bxe4 49. dxe4 Qc4+ {[%mdl 64] Double Attack} 50. Kf2 Rxd1 51. Qxg6+ (51. Rxd1 Rxd1 52. Qxg6+ Kh8 $11) 51... Kh8 52. Rxd1 Rxd1) 48. h5 $16 Qf6 {[%csl Gf8][%cal Rf6f2]} 49. hxg6+ Kg7 {[%csl Gf8][%cal Rf6f2] [#]} 50. Qf5 ({White has to play} 50. Qxf6+ $1 $18 Rxf6 51. Ne3) 50... Qd6 $1 $11 51. Qg5 {And now Ne3 would win.} Qxg6 $2 {[%mdl 8192]} (51... Qf6 $11 {and Black is okay.} 52. Qxf6+ Rxf6) 52. Qxe5+ $18 {[%mdl 64] Double Attack} Kg8 53. Ne3 c2 (53... Rdf7 $142 54. Rf1 Bc8) 54. Rh1 {[#] Rh8+ would kill now.} Rdf7 $2 (54... Qg7 $18 55. Qxg7+ Rxg7) 55. Qh8# {Weighted Error Value: White=0.09/Black=0.39} 1-0

[Event "DSB-Kader-Challenge 2021"]
[Site "Magdeburg"]
[Date "2021.04.10"]
[Round "8.5"]
[White "Huschenbeth, Niclas"]
[Black "Engel, Luis"]
[Result "1-0"]
[WhiteElo "2604"]
[BlackElo "2553"]
[Annotator "TA"]
[PlyCount "85"]
[EventDate "2021.04.05"]
[EventType "tourn"]
[EventCountry "GER"]
[SourceTitle "playchess.com"]
[Source "ChessBase"]
[SourceQuality "1"]

{[%evp 13,85,16,8,0,0,0,0,0,0,0,-9,0,0,0,12,20,20,-15,-11,0,0,0,0,0,0,0,0,0,0,0,112,108,120,0,207,91,122,132,261,229,328,329,319,324,362,364,370,368,381,387,376,375,457,475,480,343,395,394,558,561,645,618,1092,1057,1249,652,1906,1739,2133,1202,1076,1080,2112,2961]} 1. e4 c5 2. Nf3 d6 3. d4 cxd4 4. Nxd4 Nf6 5. Nc3 a6 6. Be3 e5 7. Nf3 Be7 8. h3 {B90: Sicilian Najdorf: Unusual White 6th moves, 6 Be3 Ng4 and 6 Be3 e5.} b5 9. a4 b4 10. Nd5 {The position is equal.} Nbd7 11. Nxb4 Bb7 12. Nd2 {[#]} O-O $146 ({Predecessor:} 12... Qc8 13. Bd3 a5 14. Na2 d5 15. O-O O-O 16. Bg5 h6 17. Bxf6 Nxf6 18. Nc3 Rd8 {1-0 (85) Gromotka,H (2314)-Kolanek,R (2217) ICCF email 2016}) 13. a5 Nxe4 14. Nxe4 Bxe4 15. Nd5 Nf6 16. Nb6 Rb8 17. Bxa6 Bxg2 18. Rg1 Bxh3 19. Bh6 g6 20. Bxf8 Bxf8 21. Bc4 e4 (21... Bf5 $11 {remains equal.}) 22. Rg3 $16 Bf5 {[#]} 23. Rb3 ({White has to play} 23. Nd5 $1 $16 {[%cal Rd5f6]} h5 24. a6) 23... Ng4 {[#]} (23... e3 $1 $11 {and Black is okay.} 24. Rxe3 Bh6) 24. Qd5 (24. a6 $1 $18 {has better winning chances. Threatens to win with a7.} Rxb6 (24... Qh4 25. Qe2) 25. a7 Rxb3 26. Bxb3) 24... Be6 25. Qxe4 Qf6 (25... Qg5 $16) 26. Qf3 $18 Bf5 (26... Qxf3 $142 27. Rxf3 Ne5) 27. O-O-O Ne5 28. Qc3 Qg5+ 29. Kb1 Nxc4 30. Qxc4 ({Not} 30. Nxc4 Rc8 $16) 30... Be6 31. Nd5 Rc8 32. Qd4 Bg7 33. Qd2 Qd8 {intending ...Rc5.} 34. Rb5 Qe8 35. Qb4 Kh8 (35... h5 {is a better defense.} 36. a6 Kh7) 36. Rb6 {White is clearly winning.} h5 37. a6 {[%cal Ba5a6,Ba6a7][%mdl 32]} Bg4 38. Re1 Qd7 39. Rb8 Bf3 40. Rxc8+ Qxc8 {[#]} 41. a7 $1 Bxd5 (41... Kh7 42. Qb3) 42. Qb8 Qg8 43. Re8 {Weighted Error Value: White=0.23/Black=0.40} 1-0

[Event "DSB-Kader-Challenge 2021"]
[Site "Magdeburg"]
[Date "2021.04.11"]
[Round "9.1"]
[White "Engel, Luis"]
[Black "Fridman, Daniel"]
[Result "1/2-1/2"]
[WhiteElo "2553"]
[BlackElo "2601"]
[Annotator "TA"]
[PlyCount "100"]
[EventDate "2021.04.05"]
[EventType "tourn"]
[EventCountry "GER"]
[SourceTitle "playchess.com"]
[Source "ChessBase"]
[SourceQuality "1"]

{[%evp 12,100,21,16,28,22,30,25,23,21,23,22,25,21,29,33,28,22,26,21,22,17,28,24,18,22,27,7,12,0,17,0,0,0,0,0,8,8,8,0,0,-3,0,0,0,0,0,0,0,0,0,0,44,50,50,49,50,0,50,23,25,25,25,24,22,23,25,20,28,0,0,0,0,0,0,0,0,0,0,0,0,0,0,0,0,0,0,0,0,0,0]} 1. e4 e6 2. d4 d5 3. Nd2 c5 4. exd5 exd5 5. Ngf3 Nc6 6. Bb5 Qe7+ $1 {[%mdl 4] is recently more successful than 6...Bd6.} 7. Be2 Qc7 {C09: French Tarrasch: 3...c5 4 exd5 exd5 5 Ngf3 Nc6.} 8. O-O Nf6 9. Re1 cxd4 {White has an edge.} 10. Nb3 Bb4 11. Bd2 Bxd2 12. Qxd2 O-O 13. Nfxd4 Bd7 14. Nxc6 bxc6 15. Nc5 Bf5 16. Bd3 Bxd3 17. cxd3 {[#]} Rfe8 $146 ({Predecessor:} 17... Rae8 18. h3 Qd6 19. b4 h6 20. a3 Nh5 21. Rxe8 Rxe8 22. Re1 Rxe1+ 23. Qxe1 g5 24. g3 Ng7 25. Kg2 Nf5 26. Qc3 {½-½ (26) Woodhouse,S (2071)-Granz,T (2062) ICCF email 2019}) 18. h3 Qd6 19. d4 Ne4 20. Qe3 g6 21. Rac1 Kg7 22. Nd3 Qf6 23. b3 Nc3 24. Ne5 Nxa2 25. Rc5 {[#] Threatens to win with Qd2.} Nb4 26. Qc3 a5 27. Ra1 Qd8 28. Nxc6 Nxc6 29. Rxc6 Re2 30. Qf3 Re4 31. Rc5 Qf6 32. Qxf6+ Kxf6 33. Rxd5 $14 {[%mdl 4096] Endgame KRR-KRR} Rb8 34. Raxa5 Rxb3 35. Ra7 {[#] Hoping for Rdd7.} Kg7 36. Rdd7 Rf4 37. g3 Rf5 38. Ra2 Rd3 39. Kg2 h5 40. Re2 h4 {The position is equal.} 41. Re3 Rd2 42. Rf3 Rxf3 43. Kxf3 $11 {KR-KR} Rd3+ 44. Kg4 hxg3 45. fxg3 Kf6 46. h4 Ke6 47. Rd8 Ke7 48. Rd5 Ke6 49. Re5+ Kd6 50. Re1 f5+ {Weighted Error Value: White=0.05/Black=0.03} 1/2-1/2

[Event "DSB-Kader-Challenge 2021"]
[Site "Magdeburg"]
[Date "2021.04.11"]
[Round "9.2"]
[White "Wagner, Dennis"]
[Black "Huschenbeth, Niclas"]
[Result "1/2-1/2"]
[WhiteElo "2581"]
[BlackElo "2604"]
[Annotator "TA"]
[PlyCount "203"]
[EventDate "2021.04.05"]
[EventType "tourn"]
[EventCountry "GER"]
[SourceTitle "playchess.com"]
[Source "ChessBase"]
[SourceQuality "1"]

{[%evp 14,203,54,16,26,35,88,17,20,6,3,6,4,6,16,12,11,9,11,14,14,25,14,13,5,13,16,0,27,16,25,21,43,45,46,28,35,43,33,39,137,127,137,70,43,39,100,112,168,166,156,119,131,120,118,110,143,145,143,145,137,139,139,136,166,169,156,131,137,140,139,139,140,139,134,132,120,91,96,88,92,94,136,89,77,0,100,10,10,10,10,10,10,10,10,10,17,8,17,8,8,8,8,0,0,0,8,0,0,0,8,8,8,0,0,0,8,0,8,8,8,8,8,8,8,8,8,8,8,8,8,8,8,8,8,8,8,8,8,8,8,8,8,0,0,0,8,0,8,8,8,8,8,8,8,8,8,8,8,8,8,8,8,8,8,0,8,0,8,0,8,8,8,8,8,8,8,0,0,0,0,0,8,8,8,8,8,8,8,8,8,0]} 1. e4 e5 2. Nf3 Nc6 3. Bb5 a6 4. Ba4 Nf6 5. O-O Bc5 6. c3 b5 7. Bb3 d6 8. a4 b4 {C78: Ruy Lopez: Archangelsk and Möller Defences.} ({Don't blunder} 8... Nxe4 $2 9. Bd5 $18) 9. d4 Ba7 (9... exd4 $14 10. cxd4 Bb6) 10. h3 (10. dxe5 $16 dxe5 11. Qxd8+ Nxd8 12. cxb4 (12. Nxe5 Rb8 $14)) 10... O-O 11. Be3 bxc3 ({Not} 11... Nxe4 $2 12. Bd5 $18) 12. bxc3 exd4 ({Avoid the trap} 12... Nxe4 $2 13. Bd5 $18) 13. cxd4 Nxe4 14. Bd5 Qe8 15. Qc2 {[%mdl 64] [#] Double Attack} Nb4 16. Qxe4 Qxe4 17. Bxe4 d5 {[#]} 18. Bxh7+ Kxh7 19. Rc1 {[#]} c6 $146 ({Predecessor:} 19... Bf5 20. g4 Bg6 21. Ne5 Bc2 22. a5 f6 23. Nf3 Bg6 24. Nh4 Bd3 25. Ra3 Rab8 {0-1 (107) Huschenbeth,N (2624)-Grandelius,N (2691) Douglas 2019}) 20. Nbd2 {[%cal Bb1d2,Bd2b3,Bb3d4][%mdl 32]} Bf5 21. g4 $36 {[%mdl 2048] White has the initiative.} Bc2 22. Bf4 {Threatens to win with Bd6.} c5 23. Ne1 Bg6 24. dxc5 Rfe8 25. Nb3 Re4 26. Bd6 Bb8 (26... Rc8 $14) 27. Nf3 $16 {And now Ng5+ would win.} f6 28. Bxb8 ({White should try} 28. Nfd4 $16) 28... Rxb8 $14 29. Nbd4 Nd3 ({Better is} 29... Be8 $1 $14) 30. Rc3 $16 Nb2 (30... Nf4 $16 {was necessary.}) 31. c6 $18 Nc4 32. Rd1 Rc8 33. Kg2 Be8 34. Rb3 Bxc6 35. Nxc6 Rxc6 36. Rxd5 Nb6 37. Rh5+ Kg8 38. a5 Nc4 39. Rb7 Nd6 40. Rd7 {Nh4 is the strong threat.} Nf7 41. Rhd5 {Strongly threatening Rb7.} Rc2 42. Nd4 Rd2 43. Nf5 Rxd5 44. Rxd5 $16 {[%mdl 4096] Endgame KRN-KRN} Ra4 45. Rc5 g6 46. Ne7+ Kg7 47. Nd5 Ne5 48. Rc7+ Nf7 49. Rc5 (49. Rc6 {looks sharper.} Rxa5 50. Nxf6 Ne5 51. Re6 Kf7 52. Rb6) 49... Ne5 $1 50. Nc3 (50. g5 $16) 50... Rc4 $11 {The position is equal.} 51. Rxc4 Nxc4 {KN-KN} 52. Nd5 Nxa5 53. Nb4 g5 54. Nxa6 f5 55. Nb4 Kf6 56. Kf3 Nb3 57. Nd5+ Ke5 58. Ne7 Nd4+ 59. Ke3 Nc2+ 60. Kd2 fxg4 61. hxg4 Nb4 62. Ke3 Nc2+ 63. Kf3 (63. Kd3 {seems wilder.} Nb4+ 64. Ke2 Kf4 65. f3 Ke5 66. Ke3) 63... Nd4+ 64. Ke3 Nc2+ 65. Kd2 (65. Kd3 {is interesting.} Nb4+ 66. Ke2 Kf4 67. f3 Ke5 68. Ke3) 65... Nb4 66. f3 Kf4 67. Ke2 Nc2 68. Kf2 {[%cal Re7g6]} Ke5 69. Nf5 Nb4 70. Ng3 Kf4 71. Ne2+ Ke5 72. Ke3 Nc2+ 73. Kd2 Nb4 74. Ke1 Nd3+ 75. Kf1 Nb4 76. Kg2 Nd5 77. Kg3 Kf6 78. Ng1 Nf4 79. Nh3 Ne6 80. Nf2 Nc5 81. Kg2 Ke5 82. Nh3 Ne6 83. Kf2 Kd4 84. Ke2 Kd5 85. Kd3 Nc5+ 86. Ke3 Ne6 87. Nf2 Ke5 88. Ne4 Kd5 89. Nf2 Ke5 90. Nh3 Kd5 91. Kd3 Nc5+ 92. Kd2 Ne6 93. Kc3 Kc5 94. Nf2 Kd5 95. Ne4 Ke5 96. Kd3 Kf4 97. Nd2 Nd8 98. Ke2 Nc6 99. Nb3 Ne5 100. Nd4 Nxf3 {[%mdl 64] Remove Defender} 101. Nxf3 Kxg4 102. Nxg5 {White really could win this.  Weighted Error Value: White=0.15/Black=0.11} 1/2-1/2

[Event "DSB-Kader-Challenge 2021"]
[Site "Magdeburg"]
[Date "2021.04.11"]
[Round "9.3"]
[White "Donchenko, Alexander"]
[Black "Svane, Frederik"]
[Result "1/2-1/2"]
[WhiteElo "2659"]
[BlackElo "2421"]
[Annotator "TA"]
[PlyCount "85"]
[EventDate "2021.04.05"]
[EventType "tourn"]
[EventCountry "GER"]
[SourceTitle "playchess.com"]
[Source "ChessBase"]
[SourceQuality "1"]

{[%evp 13,85,3,4,0,34,31,38,35,35,14,43,40,39,34,34,33,36,16,35,26,24,20,39,33,45,41,52,27,38,12,20,18,15,12,11,11,14,14,31,0,0,0,0,0,12,12,8,14,18,18,71,62,91,101,79,18,14,16,23,16,20,26,30,8,8,8,12,0,0,0,0,0,0,0]} 1. d4 Nf6 2. c4 e6 3. g3 d5 4. Bg2 Bb4+ 5. Nd2 O-O 6. Ngf3 b6 $1 {6...b6 is better than 6...dxc4.} 7. O-O Bb7 8. b3 {E16: Queen's Indian: 4 g3 Bb7 5 Bg2 Bb4+.} dxc4 9. Nxc4 c5 10. Bb2 {a3 is the strong threat.White is slightly better.} cxd4 $1 {[#]} 11. Qxd4 $146 ({Predecessor:} 11. Nxd4 Bxg2 12. Kxg2 Qd5+ 13. f3 Rd8 14. e4 Qb7 15. Qe2 Nbd7 16. a3 Be7 17. Rac1 {0-1 (96) Bogner,S (2605)-Georgiadis,N (2526) Lenzerheide 2018}) 11... Qxd4 12. Nxd4 Bxg2 13. Kxg2 Rc8 14. Rfd1 Nbd7 15. g4 h6 16. h4 Nf8 17. Kf3 N6d7 18. Rac1 Be7 19. Kg3 a6 20. f4 Rc7 21. g5 hxg5 22. hxg5 Rac8 23. a4 e5 24. Nf5 exf4+ 25. Kg4 Ng6 26. Rd5 ({Avoid the trap} 26. Bxg7 $2 b5 $19) 26... Bf8 27. Rcd1 Nc5 28. Nxb6 Re8 29. Rd8 Rxd8 30. Rxd8 Ne6 31. Rc8 Rxc8 (31... Rb7 $11 32. a5 Kh7) 32. Nxc8 $16 Bb4 33. Nb6 Ne7 34. Nd7 ({White should try} 34. Nd4 $16) 34... Nc6 $11 35. Ne5 Na5 36. Nd3 Bd2 37. b4 Nc4 38. b5 axb5 {The position is equal.} 39. axb5 Kf8 40. Nd4 {aiming for Nxe6+.} Nc7 41. Ba1 Be3 42. Nf5 g6 43. Nxe3 {Weighted Error Value: White=0.10/Black=0.06} 1/2-1/2